[Event "Santa Fe Litoral op 2nd"]
[Site "Santa Fe"]
[Date "2022.11.13"]
[Round "6"]
[White "Bernardo, Ismael"]
[Black "Parrilla, Juan Jose"]
[Result "1/2-1/2"]
[WhiteElo "1616"]
[BlackElo "1648"]
[PlyCount "90"]
[EventDate "2022.11.10"]
[EventType "swiss"]
[EventRounds "7"]
[EventCountry "ARG"]
[SourceTitle "CBM 211 Extra"]
[Source "ChessBase"]
[SourceDate "2023.01.31"]
[SourceVersion "1"]
[SourceVersionDate "2023.01.31"]
[SourceQuality "1"]

1. g3 f5 2. Bg2 Nf6 3. Nf3 g6 4. d4 Bg7 5. c4 d6 6. Nc3 Nc6 7. d5 Ne5 8. Nxe5 dxe5 9. e4 0-0 10. 0-0 f4 11. gxf4 exf4 12. Bxf4 Nxe4 13. Nxe4 Rxf4 14. Qb3 Rb8 15. Rad1 Bd7 16. c5 h6 17. Rd2 Kh7 18. Rfd1 Qf8 19. d6 cxd6 20. cxd6 exd6 21. Rxd6 Bc6 22. Qg3 Qf5 23. Rxg6 Qxg6 24. Qxf4 Rf8 25. Qh4 Bf6 26. Nxf6+ Rxf6 27. Qg3 Bxg2 28. Qxg2 Qf5 29. Qxb7+ Rf7 30. Qd5 Qxf2+ 31. Kh1 Qf6 32. Qe4+ Kh8 33. Qd4 Qxd4 34. Rxd4 Kg7 35. Rd6 Rf2 36. Rd7+ Kg6 37. Rxa7 Rxb2 38. a4 Kh5 39. Rc7 Ra2 40. Rc4 Kg5 41. Kg1 h5 42. h4+ Kf5 43. Rb4 Rc2 44. Kh1 Ra2 45. Kg1 Rc2 1/2-1/2

[Event "Santa Fe Litoral op 2nd"]
[Site "Santa Fe"]
[Date "2022.11.12"]
[Round "5"]
[White "De Maurizio, Isaias"]
[Black "Bernardo, Ismael"]
[Result "1-0"]
[WhiteElo "1830"]
[BlackElo "1616"]
[PlyCount "71"]
[EventDate "2022.11.10"]
[EventType "swiss"]
[EventRounds "7"]
[EventCountry "ARG"]
[SourceTitle "CBM 211 Extra"]
[Source "ChessBase"]
[SourceDate "2023.01.31"]
[SourceVersion "1"]
[SourceVersionDate "2023.01.31"]
[SourceQuality "1"]

1. e4 c5 2. Nf3 Nc6 3. Bb5 g6 4. 0-0 Bg7 5. c3 a6 6. Bxc6 dxc6 7. d3 Nf6 8. Qe2 0-0 9. h3 b5 10. Bf4 Re8 11. Bh2 a5 12. Nbd2 Qb6 13. Qe3 Qa7 14. Rfe1 h6 15. Rad1 Kh7 16. Ne5 Nd7 17. Ndf3 Nxe5 18. Nxe5 Bxe5 19. Bxe5 Be6 20. c4 a4 21. h4 bxc4 22. dxc4 Bxc4 23. Rc1 Bxa2 24. Rxc5 Qb6 25. Re2 Bb3 26. Bf4 Ra5 27. Rxa5 Qxa5 28. e5 Qd5 29. Rd2 Qc4 30. Bxh6 Qxh4 31. Bg5 Qc4 32. Rd4 Qc2 33. Qh3+ Kg8 34. Rh4 f6 35. Rh8+ Kf7 36. e6+ 1-0

[Event "Santa Fe Litoral op 2nd"]
[Site "Santa Fe"]
[Date "2022.11.11"]
[Round "2"]
[White "Bernardo, Ismael"]
[Black "Caceres, Salvador"]
[Result "1-0"]
[WhiteElo "1616"]
[BlackElo "1118"]
[PlyCount "41"]
[EventDate "2022.11.10"]
[EventType "swiss"]
[EventRounds "7"]
[EventCountry "ARG"]
[SourceTitle "CBM 211 Extra"]
[Source "ChessBase"]
[SourceDate "2023.01.31"]
[SourceVersion "1"]
[SourceVersionDate "2023.01.31"]
[SourceQuality "1"]

1. e4 c5 2. c3 Nf6 3. e5 Nd5 4. Nf3 Nc6 5. d4 cxd4 6. cxd4 d6 7. h3 dxe5 8. dxe5 Bf5 9. Qb3 Qd7 10. Bb5 e6 11. Bd2 a6 12. Bxc6 Qxc6 13. Nd4 Qd7 14. Nxf5 exf5 15. 0-0 Be7 16. Re1 0-0 17. Qg3 Nb4 18. Bh6 g6 19. Bxf8 Nc2 20. Bxe7 Qxe7 21. Na3 1-0

[Event "General Pico op"]
[Site "General Pico"]
[Date "2019.04.07"]
[Round "6"]
[White "Bernardo, Ismael"]
[Black "Acevedo, Fernando"]
[Result "1/2-1/2"]
[WhiteElo "1375"]
[BlackElo "1801"]
[PlyCount "62"]
[EventDate "2019.04.05"]
[EventType "swiss"]
[EventRounds "6"]
[EventCountry "ARG"]
[SourceTitle "CBM 190 Extra"]
[Source "ChessBase"]
[SourceDate "2019.07.15"]
[SourceVersion "1"]
[SourceVersionDate "2019.07.15"]
[SourceQuality "1"]

1. e4 c6 2. Nc3 d5 3. Nf3 Nf6 4. exd5 cxd5 5. d4 g6 6. h3 Bg7 7. Bb5+ Bd7 8. Bxd7+ Nbxd7 9. Bf4 0-0 10. 0-0 Rc8 11. Re1 Re8 12. Ne5 Nb6 13. Ne2 Ne4 14. Ng3 Nxg3 15. Bxg3 Nc4 16. Nxc4 Rxc4 17. c3 Qd7 18. Qf3 Rec8 19. Re2 b5 20. Rae1 Bf6 21. Be5 Bxe5 22. Rxe5 e6 23. a3 a5 24. h4 b4 25. axb4 axb4 26. h5 bxc3 27. bxc3 Rxc3 28. Qf4 Qd8 29. h6 Qf8 30. g4 Ra8 31. g5 Rc2 1/2-1/2

[Event "General Pico op"]
[Site "General Pico"]
[Date "2019.04.06"]
[Round "3"]
[White "Llanos, Joaquin"]
[Black "Bernardo, Ismael"]
[Result "1-0"]
[WhiteElo "1646"]
[BlackElo "1375"]
[PlyCount "83"]
[EventDate "2019.04.05"]
[EventType "swiss"]
[EventRounds "6"]
[EventCountry "ARG"]
[SourceTitle "CBM 190 Extra"]
[Source "ChessBase"]
[SourceDate "2019.07.15"]
[SourceVersion "1"]
[SourceVersionDate "2019.07.15"]
[SourceQuality "1"]

1. e4 e5 2. Nf3 Nc6 3. Bc4 Bc5 4. c3 Nf6 5. d3 h6 6. b4 Bb6 7. b5 Na5 8. Nxe5 0-0 9. Bb3 Nxb3 10. axb3 d5 11. 0-0 dxe4 12. d4 c5 13. dxc5 Bxc5 14. b4 Bd6 15. Nc4 Bxh2+ 16. Kxh2 Ng4+ 17. Kg1 Qh4 18. Bf4 Qf6 19. Bg3 Be6 20. Qe2 Rfc8 21. Nd6 Rd8 22. Nxe4 Qg6 23. f3 Bc4 24. Qxc4 Ne3 25. Qc7 Nxf1 26. Kxf1 f5 27. Nf2 Rac8 28. Qf4 Qh5 29. Rxa7 Rd1+ 30. Nxd1 Qh1+ 31. Ke2 Re8+ 32. Ne3 Qxb1 33. Qc4+ Kh8 34. Qd3 Qg1 35. Kd2 Rxe3 36. Qxe3 Qxg2+ 37. Bf2 Qf1 38. Rxb7 Qb1 39. Qd3 Qa2+ 40. Ke3 Qe6+ 41. Kf4 Qf6 42. Rb8+ 1-0